Kant : vida y doctrina /

Guardado en:
Autor Principal: Cassirer, Ernst
Formato: Libro
Publicado: Mexico / Buenos Aires : Fondo De Cultura Economica, 1948
Materias:
Etiquetas: Agregar Etiqueta
Sin Etiquetas, Sea el primero en etiquetar este registro!
LEADER 00612nam a22002055a 4500
001 EHU.bham024588
003 AR-BHAM
005 20130507152519.0
008 130507s1948##################000#0#####d
082 9 2 |a 921 
100 1 |a Cassirer, Ernst 
245 1 0 |a Kant :  |b vida y doctrina /  |c Ernst Cassirer 
260 |a Mexico / Buenos Aires :  |b Fondo De Cultura Economica,  |c 1948 
300 |a 497 p. 
500 |a Trad. Por Wenceslao Roces 
653 |a Donacion lejarraga 
653 |a Kant 
653 |a Biografias de filosofos 
653 |a Filosofia alemana 
859 |a AR-BHAM  |b BIB. HUMANIDADES - General  |h 921  |i K13C  |p 360.02  |t Ej.1